Estudio histórico sobre el descubrimiento y conquista de la Patagonia y de la Tierra del Fuego / (Record no. 107242)

MARC details
000 -LEADER
campo de control de longitud fija 00593nam a2200181 4500
001 - NÚMERO DE CONTROL
campo de control 107242
003 - IDENTIFICADOR DE NÚMERO DE CONTROL
campo de control ES-MaACL
007 - CAMPO FIJO DE DESCRIPCIÓN FÍSICA--INFORMACIÓN GENERAL
campo de control de longitud fija t|
008 - DATOS DE LONGITUD FIJA--INFORMACIÓN GENERAL
campo de control de longitud fija 061121s1903 gw r ||||1| spa d
100 1# - ENTRADA PRINCIPAL--NOMBRE DE PERSONA
Nombre de persona Morla Vicuña, Carlos.
9 (RLIN) 83593
245 10 - MENCIÓN DEL TÍTULO
Título Estudio histórico sobre el descubrimiento y conquista de la Patagonia y de la Tierra del Fuego /
Mención de responsabilidad, etc. Carlos Morla Vicuña.
260 ## - PUBLICACIÓN, DISTRIBUCIÓN, ETC.
Lugar de publicación, distribución, etc. Leipzig :
Nombre del editor, distribuidor, etc. F.A Brockhaus,
Fecha de publicación, distribución, etc. 1903.
300 ## - DESCRIPCIÓN FÍSICA
Extensión V, 223 p. :
Otras características físicas il ;
Dimensiones 28.
651 #7 - PUNTO DE ACCESO ADICIONAL DE MATERIA--NOMBRE GEOGRÁFICO
9 (RLIN) 159170
Nombre geográfico Patagonia-
Subdivisión general Descubrimientos y exploraciones
852 ## - LOCALIZACIÓN
Ubicación ES-MaACL
Número de control de estantería G-6631
942 ## - ELEMENTOS DE ENTRADA SECUNDARIOS (KOHA)
Fuente del sistema de clasificación o colocación Clasificación decimal universal
Holdings
Estatus retirado Estado de pérdida Estado de daño No para préstamo Biblioteca de origen Biblioteca actual Ubicación en estantería Fecha de adquisición Fuente de adquisición Total de préstamos Signatura topográfica completa Código de barras Visto por última vez Precio de reemplazo Tipo de ítem Koha
        Biblioteca del Ateneo de Madrid Biblioteca del Ateneo de Madrid Depósito 2 17/01/2008     G-6631 1111930 23/02/2023 23/02/2023 Libro impreso